Statistics for Edmonton Oilers Roster

Click here to take the quiz!

General Stats

  • This quiz has been taken 42 times
    (11 since last reset)
  • The average score is 18 of 26

Answer Stats

PositionAnswer% Correct
CenterConnor McDavid
100%
DefensemanDarnell Nurse
100%
DefensemanEvan Bouchard
100%
CenterLeon Draisaitl
100%
CenterRyan Nugent-Hopkins
100%
GoaltenderStuart Skinner
100%
Left WingZach Hyman
100%
GoaltenderCalvin Pickard
83%
Right WingConnor Brown
83%
Left WingEvander Kane
83%
CenterDerek Ryan
67%
CenterDylan Holloway
67%
CenterMattias Janmark
67%
DefensemanPhilip Broberg
67%
DefensemanVincent Desharnais
67%
Left WingWarren Foegele
67%
CenterAdam Henrique
50%
DefensemanBrett Kulak
50%
DefensemanCody Ceci
50%
Right WingCorey Perry
50%
DefensemanMattias Ekholm
50%
CenterSam Carrick
50%
CenterRyan McLeod
33%
CenterSam Gagner
33%
Left WingAdam Erne
17%
Left WingJames Hamblin
17%

Score Distribution

Percentile by Number Answered

Percent of People with Each Score

Your Score History

You have not taken this quiz since the last reset